What's the damage? (Record no. 71324)
[ view plain ]
| 000 -LEADER | |
|---|---|
| fixed length control field | 00889cam a2200205 4500 |
| 001 - CONTROL NUMBER | |
| control field | ABS65977 |
| 008 - FIXED-LENGTH DATA ELEMENTS--GENERAL INFORMATION | |
| fixed length control field | 021008n2002 000 0 eng u |
| 035 ## - SYSTEM CONTROL NUMBER | |
| System control number | (Sirsi) u120034 |
| 100 ## - MAIN ENTRY--PERSONAL NAME | |
| Personal name | Akenhead, R |
| 245 ## - TITLE STATEMENT | |
| Title | What's the damage? |
| 260 ## - PUBLICATION, DISTRIBUTION, ETC. | |
| Date of publication, distribution, etc. | 2002 |
| 490 ## - SERIES STATEMENT | |
| Series statement | Building |
| Volume/sequential designation | 267(8246) 9 August 2002, 43(1) |
| 520 ## - SUMMARY, ETC. | |
| Summary, etc. | Discusses the difficulty of assessing damages owed on quantity surveyors' negligent cost underestimation. These damages should follow the basic rules of damages, namely that the employer should be entitled to all reasonably foreseeable losses caused by the negligence. Details matters which could reduce the loss amount to be recovered from the negligent quantity surveyor. |
| 590 ## - LOCAL NOTE (RLIN) | |
| Local note | ABS |
| 650 ## - SUBJECT ADDED ENTRY--TOPICAL TERM | |
| Topical term or geographic name entry element | QUANTITY SURVEYORS |
| 650 ## - SUBJECT ADDED ENTRY--TOPICAL TERM | |
| Topical term or geographic name entry element | COST ESTIMATES |
| 650 ## - SUBJECT ADDED ENTRY--TOPICAL TERM | |
| Topical term or geographic name entry element | DAMAGES |
| 690 ## - LOCAL SUBJECT ADDED ENTRY--TOPICAL TERM (OCLC, RLIN) | |
| Topical term or geographic name as entry element | MANAGEMENT-BUSINESS MANAGEMENT-PROFESSIONAL PRACTICE |
| 942 ## - ADDED ENTRY ELEMENTS (KOHA) | |
| Suppress in OPAC | 0 |
| Withdrawn status | Lost status | Source of classification or shelving scheme | Damaged status | Not for loan | Home library | Current library | Shelving location | Date acquired | Total Checkouts | Full call number | Barcode | Date last seen | Copy number | Price effective from | Koha item type |
|---|---|---|---|---|---|---|---|---|---|---|---|---|---|---|---|
| Dewey Decimal Classification | London | London | Journal article | 08/10/2002 | ABS65977 | 120034-1001 | 06/08/2019 | 1 | 06/08/2019 | Journal article |